Ekonomičesko-finansovaja politika Rossii.
Referát prednesený v novembri 1909 na IV. riadnom zasadnutí Zjazdu predstaviteľov priemyslu a obchodu Ruska. Vol'skij, A.A., významný zakladateľ a činiteľ Zjazdu, teoretický rozpracoval problémy ekonomických a technických opatrení na rozvoj výrobných síl a vypracoval program obchodno-priemyselnej po...
Gespeichert in:
| 1. Verfasser: | |
|---|---|
| Format: | Buchkapitel |
| Sprache: | Russisch |
| Schlagworte: | |
| Tags: |
Keine Tags, Fügen Sie das erste Tag hinzu!
|
MARC
| LEADER | 00000naa a2200000 4500 | ||
|---|---|---|---|
| 001 | r006537 | ||
| 005 | 20221130102847.5 | ||
| 041 | 0 | |a rus | |
| 044 | |a [SU] | ||
| 245 | 1 | 0 | |a Ekonomičesko-finansovaja politika Rossii. |c A. Vol'skij |
| 520 | |a Referát prednesený v novembri 1909 na IV. riadnom zasadnutí Zjazdu predstaviteľov priemyslu a obchodu Ruska. Vol'skij, A.A., významný zakladateľ a činiteľ Zjazdu, teoretický rozpracoval problémy ekonomických a technických opatrení na rozvoj výrobných síl a vypracoval program obchodno-priemyselnej politiky Ruska. Obsah referátu: Ekonomické faktory rozvoja Ruska. Charakteristika poľnohospodárstva, priemyslu a štátnych financií. Program, rozvoja výrobných síl krajiny. | ||
| 610 | 2 | 0 | |a politika finančná |
| 610 | 2 | 0 | |a politika hospodárska |
| 610 | 2 | 0 | |a dejiny hospodárske |
| 610 | 2 | 0 | |a 1909 |
| 610 | 2 | 0 | |a Rusko |
| 610 | 2 | 0 | |a poľnohospodárstvo |
| 610 | 2 | 0 | |a priemysel |
| 610 | 2 | 0 | |a sily výrobné |
| 100 | 1 | |a Vol'skij, A. | |